Central Library and Information Centre
Sibsagar Girls' College, Sivasagar : Assam

UCHATTAR MADHYAMIK ARTHABIGYAN (For H.S. 1st Yr) (Record no. 10165)

MARC details
000 -LEADER
fixed length control field 00522cam a2200205ua 4500
008 - FIXED-LENGTH DATA ELEMENTS--GENERAL INFORMATION
fixed length control field 160304n II |||gr||||Z||||||asm
040 ## - CATALOGING SOURCE
Original cataloging agency MAIN
041 ## - LANGUAGE CODE
-- English
082 ## - DEWEY DECIMAL CLASSIFICATION NUMBER
Classification number 330 BAR
100 ## - MAIN ENTRY--PERSONAL NAME
Personal name BARUAH, DILIP KR.
245 ## - TITLE STATEMENT
Title UCHATTAR MADHYAMIK ARTHABIGYAN (For H.S. 1st Yr)
250 ## - EDITION STATEMENT
Edition statement 11th--2003.
260 ## - PUBLICATION, DISTRIBUTION, ETC.
Place of publication, distribution, etc. GUWAHATI:
Name of publisher, distributor, etc. ASSAM BOOK DEPOT,
Date of publication, distribution, etc. 2003.
300 ## - PHYSICAL DESCRIPTION
Extent 268:
Dimensions 20CM.
700 ## - ADDED ENTRY--PERSONAL NAME
Personal name BARUAH, DILIP KR.,
Relator term Author.
700 ## - ADDED ENTRY--PERSONAL NAME
Personal name BARUAH, INDIRA.
942 ## - ADDED ENTRY ELEMENTS (KOHA)
Koha item type Books
653 ## - INDEX TERM--UNCONTROLLED
Uncontrolled term Economics
Holdings
Withdrawn status Lost status Damaged status Not for loan Collection code Home library Current library Shelving location Date acquired Full call number Barcode Date last seen Copy number Price effective from Koha item type Public note
Withdrawn       TBECO Central Library and Information Centre Sibsagar Girls College Central Library and Information Centre Sibsagar Girls College Staff Office 04.02.1984 330 BAR 08888 27.02.2020 1 27.02.2020 Books V


Sibsagar Girl's College © 2020. All rights reserved.
Powered by Koha.
Maintained by Abhijit Borpuzari.